[Event "Plateliai Plunge op-B 42nd"]
[Site "Plateliai"]
[Date "2023.07.21"]
[Round "7"]
[White "Bogomolnikova, Zlata"]
[Black "Strokova, Medeina"]
[Result "1/2-1/2"]
[WhiteElo "1193"]
[BlackElo "1112"]
[PlyCount "61"]
[EventDate "2023.07.17"]
[EventType "swiss"]
[EventRounds "9"]
[EventCountry "LTU"]
[SourceTitle "CBM 215 Extra"]
[Source "ChessBase"]
[SourceDate "2023.09.30"]
[SourceVersion "1"]
[SourceVersionDate "2023.09.30"]
[SourceQuality "1"]

1. d4 d5 2. c4 c6 3. cxd5 cxd5 4. Nc3 Nf6 5. Bg5 e6 6. e3 a6 7. Bd3 Nc6 8. a3 h6 9. Bh4 Be7 10. Nf3 0-0 11. 0-0 b5 12. b4 Bb7 13. Bc2 Nd7 14. Bxe7 Qxe7 15. Qd3 g6 16. Ne2 e5 17. dxe5 Ncxe5 18. Nxe5 Nxe5 19. Qd4 Rac8 20. Bb3 Nc4 21. Rfc1 Qe5 22. Bxc4 Qxd4 23. Nxd4 dxc4 24. Rc3 Rc7 25. f3 Bc6 26. Rd1 a5 27. bxa5 Ra8 28. a4 Rxa5 29. axb5 Bxb5 30. Rdc1 Ba6 31. Kf2 1/2-1/2

[Event "Plateliai Plunge op-B 42nd"]
[Site "Plateliai"]
[Date "2023.07.18"]
[Round "3"]
[White "Bogomolnikova, Zlata"]
[Black "Alionyte, Patricija"]
[Result "0-1"]
[WhiteElo "1193"]
[BlackElo "1349"]
[PlyCount "56"]
[EventDate "2023.07.17"]
[EventType "swiss"]
[EventRounds "9"]
[EventCountry "LTU"]
[SourceTitle "CBM 215 Extra"]
[Source "ChessBase"]
[SourceDate "2023.09.30"]
[SourceVersion "1"]
[SourceVersionDate "2023.09.30"]
[SourceQuality "1"]

1. d4 d5 2. c4 e6 3. cxd5 exd5 4. Nc3 Nf6 5. Bg5 Nbd7 6. e3 c6 7. Bd3 Qa5 8. Nge2 Bd6 9. 0-0 0-0 10. Qc2 Qc7 11. Bf4 a6 12. Rac1 Re8 13. h3 h6 14. Rfe1 Nh5 15. Nxd5 Qa5 16. Bxd6 Qxd5 17. Ba3 Qg5 18. Kh2 Ndf6 19. Qc5 Qh4 20. f3 Bxh3 21. g3 Nxg3 22. Nxg3 Bf5+ 23. Kg2 Qh3+ 24. Kg1 Qxg3+ 25. Kh1 Qxf3+ 26. Kg1 Bxd3 27. Qc3 Qg3+ 28. Kh1 Be4# 0-1